Game Show Gimmicks - Statistics

General Stats
  • This quiz has been taken 23 times
  • The average score is 8 of 15
Answer Stats
Hint Answer % Correct
Plinko Price Is Right
91%
Buy a Vowel Wheel of Fortune
86%
Phone-a-Friend Who Wants to Be a Millionaire?
86%
26 Briefcases Deal or No Deal
82%
This game show's one-word title ends in an exclamation point. Jeopardy!
73%
Paul Lynde in the Center Hollywood Squares
64%
Making Whoopee Newlywed Game
64%
Oversized 52-Piece Deck Card Sharks
50%
Fill in the Blank Match Game
50%
Zonk Let's Make a Deal
41%
Pie in Your Pants Double Dare
18%
Wilson vs. Baldwin Family Feud
18%
The Unknown Comic Gong Show
18%
Gold Medley Name That Tune
14%
Started a chicken restaurant with his social security check...shhhh... I've Got a Secret
9%
No matching quizzes found
Score Distribution
Percent of People with Each Score
Percentile by Number Answered
Your Score History
You have not taken this quiz